|
|
|
|
| LEADER |
00000cam a2200000 a 4500 |
| 001 |
1/106299 |
| 008 |
150512s1969####gr | ||| |||| ||gre|| |
| 040 |
|
|
|a GR-MyUa
|b gre
|c GR-MyUa
|e AACR2
|
| 041 |
0 |
|
|a gre
|
| 082 |
7 |
|
|a 515
|2 (23)
|
| 100 |
1 |
|
|a Ρούτσης, Νίκος.
|
| 245 |
1 |
0 |
|a Παράγωγοι και γραφικοί παραστάσεις /
|c Ν. Γ. Ρούτσης, Γενικόν Πολυτεχνειακόν Φροντιστηρίον Αθηνών.
|
| 260 |
|
|
|a Αθήναι :
|b [χ.ό],
|c 1969
|
| 300 |
|
|
|a 40 σ. :
|b σχέδια ;
|c 24 εκ.
|
| 500 |
|
|
|3 Χειρόγραφο-Πολυγραφημένο.
|
| 505 |
8 |
|
|a 1. Περί παραγώγων, 2. Γραφικαί παραστάσεις.
|
| 650 |
|
0 |
|a Mathematical analysis
|x Problems, exercises, etc.
|
| 710 |
2 |
|
|a Γενικόν Πολυτεχνειακόν Φροντιστήριον Αθηνών.
|
| 852 |
|
|
|a INST
|b SAMOS
|c MAG
|e 20150512
|h 515 ΡΟΥ
|p 005300034793
|q 005300034793
|t BK
|y 0
|
| 970 |
|
|
|a Σιτζίμη
|b Γιασεμή
|z 2015/05/12
|